LEADER 01238nam a2200205 i 4500 001 000000250532 003 CaOOAMICUS 005 20160808000000.0 008 160808s1714 it u000 u lat u 013 $a229437 026 $ae,d. e-e- r.a- pepi (3) 1714 (R) 040 $aSeMil$bita 245 10$aTomus 4. 300 $a[10], 645, [1] p. 500 $aSegn. : pg1 a2 e2 A-4K4 4L-4N2 4O2(-4O2). 500 $aMarca editoriale: Due cupidi sorreggono una corona. In basso al centro le iniziali IDP. Motto: Non coronabitur nisi qui legitime certaverit (Rep. consultato: Copac). 773 0 $aAlexandre, Noël <1639-1724>$tR.P. Natalis Alexandri ... Historia ecclesiastica Veteris Novique Testamenti ab orbe condito ad annum post Christum natum millesimum sexcentesimum: ... In octo divisa tomos ante quidem per partes, nunc autem conjunctim & accuratiùs edita: rerum novrum accessione, scholiis, & indicibus locupletissimis aucta, illustrata, ornata. Tomus 1. [-8.].$dParisiis : Sumptibus Antonii Dezallier, in vico San-Jacobaeo, sub signo Coronae Aureae, 1714.$g4$w()4211 850 $aSeMil 852 $aSeMil$W1$xVenegono$y1$m3E VIII 44 FA$j200878$B200878$CSeMilBibl$Z2$F212630 $8I 996 $6245$aTomus 4$9(OLS)http://semarc/title/151236 LEADER 01595nam a2200325 i 4500 001 000000117618 003 CaOOAMICUS 005 20030903000000.0 008 030903s1993 it u000 u ita u 013 $a90307 020 $a88-7610-442-9 040 $aSeMil$bita 245 10$aChe devo fare, Signore? :$biniziazione alla direzione spirituale per i giovani e i loro educatori /$cRenato Corti ; Luciano Marzi ; Sergio Stevan ; a cura del Centro Diocesano Vocazioni - Milano. 260 $aMilano :$bÀncora,$ccopyr. 1993. 300 $a101 p. ;$c19 cm. 490 0 $aPerché abbiate la vita ;$v3 500 $aFondo Card. C.M. Martini. 650 4$aDirezione spirituale.$0(OLS)http://semarc/subject/2829 700 1 $aArcidiocesi di Milano : Centro Diocesano Vocazioni.$0(OLS)http://semarc/name/29903 700 1 $aCorti, Renato,$c.$0(OLS)http://semarc/name/16279 700 1 $aMarzi, Luciano,$c.$0(OLS)http://semarc/name/43588 700 1 $aStevan, Sergio,$c.$0(OLS)http://semarc/name/40322 830 0$aPerché abbiate la vita ;$v3.$0(OLS)http://semarc/title/11048 850 $aSeMil 852 $aSeMil$W1$xVenegono$y1$m3F II 261$j72984$B72984$CSeMilBibl$Z2$F100579 $81 941 1 $a4 961 $aOmaggio: Martini Card. Carlo Maria 996 $6020$a88-7610-442-9$9(OLS)http://semarc/number/102045 996 $6245$aChe devo fare, Signore? :$biniziazione alla direzione spirituale per i giovani e i loro educatori$9(OLS)http://semarc/title/172669 996 $6260$aMilano :$bÀncora$9(OLS)http://semarc/publisher/29763 LEADER 01050nam a2200241 i 4500 001 000000217289 003 CaOOAMICUS 005 20260320095402.0 008 121130s1921 it u000 u ita u 013 $a196186 040 $aSeMil$bita 100 1 $aOttolini, Angelo.$0(OLS)http://semarc/name/36781 245 10$aPietro Verri e i suoi tempi :$bcon la ristampa dei suoi scritti inediti /$cAngelo Ottolini. 260 $aMilano [etc.] :$bRemo Sandron,$c1921. 300 $a274 p. ;$c[7] c. di tav. ;$c21 cm. 490 0 $aCollezione settecentesca ;$v15 600 14$aVerri, Pietro <1728-1797>.$0(OLS)http://semarc/subject/12376 830 0$aCollezione settecentesca ;$v15.$0(OLS)http://semarc/title/37579 850 $aSeMil 852 $aSeMil$W1$xVenegono$y1$m3O II 100$j167703$B167703$CSeMilBibl$Z2$F178478 $81 996 $6245$aPietro Verri e i suoi tempi :$bcon la ristampa dei suoi scritti inediti$9(OLS)http://semarc/title/312217 996 $6260$aMilano [etc.] :$bRemo Sandron$9(OLS)http://semarc/publisher/33143